000 00438nam a22001937a 4500
003 bpm
005 20260421082055.0
008 260421b |||||||| |||| 00| p spa d
024 _aS. C. C. / M. C. y E. M.:
040 _aAR-CtUCP
041 _aspa
080 _aCDU
100 _aSADE
245 _aSiluetas de la pluma
260 _aCorrientes
_bZeus
_c2006
650 _aLiteratura - Poesía
942 _cLIB
999 _c76669
_d76669